000 00506nam a2200193Ia 4500
003 OSt
005 20220925181917.0
006 a|||||r|||| 00| 0
007 ta
008 220923b |||||||| |||| 00| 0 eng d
037 _cGeneral Book
040 _aRTL
_cRTL
_beng
041 _2eng
_aeng
245 0 _aContemporary on Jean-Paul Sartre's critique of dia
260 _aChicago
_bUniversity of Chicago Press
_c1986
650 _aSOCIOLOGY
942 _cGB
_2CC
999 _c500725
_d500725